[Event "IECC Swiss-485.2"]
[Site "IECC email"]
[Date "2005.03.28"]
[Round "?"]
[White "Barhorst, Arthur ThN"]
[Black "Krunski, Jan Maria"]
[Result "1/2-1/2"]
[WhiteElo "1855"]
[BlackElo "1729"]
[PlyCount "61"]
[EventDate "2005.??.??"]
[EventType "swiss (corr)"]
[EventRounds "1"]
[SourceTitle "Corr 2008"]
[Source "ChessBase"]
[SourceDate "2008.06.24"]
[SourceVersion "1"]
[SourceVersionDate "2008.06.24"]
[SourceQuality "1"]

1. e4 e5 2. f4 exf4 3. Nf3 g5 4. h4 g4 5. Ne5 Qe7 6. d4 d6 7. Nxg4 Qxe4+ 8. Qe2 Qe7 9. Qxe7+ Bxe7 10. Be2 h5 11. Nf2 Nh6 12. Nc3 Nf5 13. Nd5 Bd8 14. Bxf4 Nxd4 15. Bd3 Be6 16. Ne3 Nd7 17. 0-0-0 Bxa2 18. b3 Ne6 19. g3 Bf6 20. Nd5 Bd4 21. Be3 Be5 22. Nb4 Bxb3 23. cxb3 a5 24. Nd5 a4 25. bxa4 Rxa4 26. Rhe1 Rg8 27. Nh1 c6 28. Nf4 Nf6 29. Bc2 Ra1+ 30. Kd2 Ra3 31. Re2 1/2-1/2

[Event "CFriend SI-2004-0-00028 email"]
[Site "Chessfriend.com"]
[Date "2004.12.15"]
[Round "1"]
[White "Taffijn, Aadrian"]
[Black "Barhorst, Arthur ThN"]
[Result "0-1"]
[WhiteElo "1601"]
[BlackElo "1975"]
[PlyCount "52"]
[EventDate "2004.??.??"]
[EventType "tourn (corr)"]
[EventRounds "6"]
[SourceTitle "Corr 2008"]
[Source "ChessBase"]
[SourceDate "2008.06.24"]
[SourceVersion "1"]
[SourceVersionDate "2008.06.24"]
[SourceQuality "1"]

1. d4 Nf6 2. c4 g6 3. Nf3 Bg7 4. Nc3 d5 5. Qb3 dxc4 6. Qxc4 0-0 7. e4 Nc6 8. Be2 Nd7 9. d5 Na5 10. Qa4 c6 11. 0-0 cxd5 12. exd5 Nf6 13. Be3 Nxd5 14. Nxd5 Qxd5 15. Rfd1 Qf5 16. g4 Qxg4+ 17. Qxg4 Bxg4 18. Rac1 Bxb2 19. Rc7 Ba3 20. Bf4 Rfc8 21. Rd4 Bc5 22. Rd1 Rxc7 23. Bxc7 b6 24. a4 Rc8 25. Bg3 f6 26. Nd4 Bxe2 0-1

[Event "IECG CB.2004.0.00125 email"]
[Site "IECG email"]
[Date "2004.11.17"]
[Round "?"]
[White "Barhorst, Arthur ThN"]
[Black "Van Bommel, Ton"]
[Result "0-1"]
[WhiteElo "1885"]
[BlackElo "1987"]
[PlyCount "78"]
[EventDate "2004.11.17"]
[EventType "tourn (corr)"]
[EventRounds "6"]
[SourceTitle "Corr 2008"]
[Source "ChessBase"]
[SourceDate "2008.06.24"]
[SourceVersion "1"]
[SourceVersionDate "2008.06.24"]
[SourceQuality "1"]

1. e4 c5 2. Nc3 Nc6 3. f4 d6 4. Nf3 g6 5. Bc4 Bg7 6. 0-0 Nf6 7. d3 0-0 8. Qe1 e6 9. Bb3 Na5 10. e5 Ne8 11. Ne4 f5 12. Neg5 Nxb3 13. axb3 h6 14. Nh3 Kh7 15. Be3 Qc7 16. Qf2 b6 17. b4 Qd7 18. exd6 cxb4 19. Ne5 Qb7 20. Qg3 Rf6 21. Ng5+ hxg5 22. fxg5 Rf7 23. Nxf7 Qxf7 24. Bxb6 Qb7 25. Qh4+ Kg8 26. Bd4 a5 27. c4 Nxd6 28. Bxg7 Qxg7 29. Rf2 Bd7 30. Re1 Rc8 31. Qf4 Nf7 32. h4 a4 33. Qe3 a3 34. bxa3 bxa3 35. Qa7 Qc3 36. Rff1 Rd8 37. Ra1 Qh8 38. Qf2 Ra8 39. Rfd1 Ne5 0-1

[Event "IECG CB.2004.0.00125 email"]
[Site "IECG email"]
[Date "2004.11.17"]
[Round "?"]
[White "Kolus, Wojciech"]
[Black "Barhorst, Arthur ThN"]
[Result "1-0"]
[WhiteElo "1858"]
[BlackElo "1885"]
[PlyCount "87"]
[EventDate "2004.11.17"]
[EventType "tourn (corr)"]
[EventRounds "6"]
[SourceTitle "Corr 2008"]
[Source "ChessBase"]
[SourceDate "2008.06.24"]
[SourceVersion "1"]
[SourceVersionDate "2008.06.24"]
[SourceQuality "1"]

1. e4 c5 2. Nf3 d6 3. d4 cxd4 4. Nxd4 Nf6 5. Nc3 g6 6. Be3 Bg7 7. f3 0-0 8. Qd2 Nc6 9. 0-0-0 d5 10. exd5 Nxd5 11. Nxc6 bxc6 12. Bd4 Nxc3 13. Qxc3 Bh6+ 14. Be3 Bxe3+ 15. Qxe3 Qb6 16. Qxe7 Be6 17. Qa3 a5 18. Bd3 Qb4 19. Be4 Qxa3 20. bxa3 Rab8 21. Bxc6 Bxa2 22. Be4 Rfc8 23. Kd2 Rb5 24. Rhe1 Bc4 25. Kc1 Rbc5 26. Rd7 Bb3 27. Re2 Be6 28. Ra7 Bc4 29. Rd2 Kg7 30. g3 Kh6 31. h4 Kh5 32. Rh2 Be6 33. g4+ Kh6 34. Rd2 Kg7 35. Rd6 Bb3 36. Rdd7 Be6 37. Re7 Re5 38. Bd3 Rc6 39. f4 Rec5 40. g5 h6 41. Kd2 Rd6 42. Re8 hxg5 43. hxg5 Bd7 44. Re5 1-0

[Event "IECG CB.2004.0.00125 email"]
[Site "IECG email"]
[Date "2004.11.17"]
[Round "?"]
[White "Naasen, Nils"]
[Black "Barhorst, Arthur ThN"]
[Result "0-1"]
[WhiteElo "1916"]
[BlackElo "1885"]
[PlyCount "72"]
[EventDate "2004.11.17"]
[EventType "tourn (corr)"]
[EventRounds "6"]
[SourceTitle "Corr 2008"]
[Source "ChessBase"]
[SourceDate "2008.06.24"]
[SourceVersion "1"]
[SourceVersionDate "2008.06.24"]
[SourceQuality "1"]

1. e4 c5 2. Nf3 d6 3. d4 cxd4 4. Nxd4 Nf6 5. Nc3 g6 6. Be3 Bg7 7. f3 0-0 8. Qd2 Nc6 9. 0-0-0 d5 10. exd5 Nxd5 11. Nxc6 bxc6 12. Nxd5 cxd5 13. Qxd5 Qc7 14. Qxa8 Bf5 15. Qxf8+ Kxf8 16. Rd2 h5 17. Be2 Qb8 18. b3 Bc3 19. Rd5 Be6 20. Rd3 Qb4 21. Kb1 Bf5 22. Rhd1 Bf6 23. g3 Bxd3 24. Rxd3 Qe1+ 25. Bd1 a6 26. c4 h4 27. gxh4 Qxh4 28. Rd2 Qh5 29. Kc2 Qf5+ 30. Kc1 Qa5 31. Rc2 Qa3+ 32. Kb1 Qd6 33. Kc1 Qd3 34. Bh6+ Kg8 35. h4 Be5 36. c5 Kh7 0-1

[Event "IECG CB.2004.0.00107 email"]
[Site "IECG email"]
[Date "2004.03.07"]
[Round "?"]
[White "Barhorst, Arthur ThN"]
[Black "Quadri, Sergio Fabian"]
[Result "1/2-1/2"]
[WhiteElo "1856"]
[BlackElo "1986"]
[PlyCount "34"]
[EventDate "2004.03.07"]
[EventType "tourn (corr)"]
[EventRounds "6"]
[SourceTitle "Corr 2008"]
[Source "ChessBase"]
[SourceDate "2008.06.24"]
[SourceVersion "1"]
[SourceVersionDate "2008.06.24"]
[SourceQuality "1"]

1. e4 e5 2. Nf3 Nf6 3. Nxe5 d6 4. Nxf7 Kxf7 5. d4 c5 6. Bc4+ Be6 7. Bxe6+ Kxe6 8. 0-0 cxd4 9. Qxd4 Nc6 10. Qc4+ d5 11. Qb3 Nd4 12. Qxb7 Nxe4 13. Nc3 Nc5 14. Re1+ Kf6 15. Nxd5+ Kg6 16. Nf4+ Kf6 17. Nd5+ Kg6 1/2-1/2

[Event "IECG FI.2001.0.00008"]
[Site "IECG email"]
[Date "2001.04.01"]
[Round "?"]
[White "Barhorst, Arthur ThN"]
[Black "Luehrig, Walter"]
[Result "0-1"]
[WhiteElo "1854"]
[BlackElo "2017"]
[PlyCount "32"]
[EventDate "2001.04.01"]
[EventType "tourn (corr)"]
[EventRounds "11"]
[SourceTitle "Corr 2008"]
[Source "ChessBase"]
[SourceDate "2008.06.24"]
[SourceVersion "1"]
[SourceVersionDate "2008.06.24"]
[SourceQuality "1"]

1. e4 c5 2. Nf3 d6 3. d4 cxd4 4. Nxd4 Nf6 5. Nc3 a6 6. Be3 e6 7. f3 b5 8. g4 h6 9. h4 b4 10. Nce2 e5 11. Nb3 d5 12. Ng3 Be6 13. Bd3 Nbd7 14. Qe2 a5 15. Bb5 d4 16. Bf2 a4 0-1

[Event "IECG FI.2001.0.00008"]
[Site "IECG email"]
[Date "2001.04.01"]
[Round "?"]
[White "Barhorst, Arthur ThN"]
[Black "Perez, Maria Jose"]
[Result "0-1"]
[WhiteElo "1854"]
[BlackElo "1795"]
[PlyCount "32"]
[EventDate "2001.04.01"]
[EventType "tourn (corr)"]
[EventRounds "11"]
[SourceTitle "Corr 2008"]
[Source "ChessBase"]
[SourceDate "2008.06.24"]
[SourceVersion "1"]
[SourceVersionDate "2008.06.24"]
[SourceQuality "1"]

1. e4 c6 2. d4 d5 3. e5 Bf5 4. Nc3 e6 5. g4 Bg6 6. Nge2 c5 7. h4 cxd4 8. Nxd4 h5 9. Bb5+ Nd7 10. f4 hxg4 11. f5 Rxh4 12. Rg1 Rh5 13. fxg6 Qh4+ 14. Kf1 Qh3+ 15. Rg2 Qh1+ 16. Kf2 Qh4+ 0-1

[Event "IECG FI.2001.0.00008 Jim Krepp mem IV"]
[Site "IECG email"]
[Date "2001.04.01"]
[Round "?"]
[White "Chambers, Chris L"]
[Black "Barhorst, Arthur ThN"]
[Result "1-0"]
[WhiteElo "1750"]
[BlackElo "1854"]
[PlyCount "39"]
[EventDate "2001.04.01"]
[EventType "tourn (corr)"]
[EventRounds "14"]
[SourceTitle "Corr 2008"]
[Source "ChessBase"]
[SourceDate "2008.06.24"]
[SourceVersion "1"]
[SourceVersionDate "2008.06.24"]
[SourceQuality "1"]

1. e4 c5 2. Nf3 d6 3. d4 cxd4 4. Nxd4 Nf6 5. Nc3 g6 6. Be3 Bg7 7. f3 0-0 8. Qd2 Nc6 9. g4 Be6 10. Nxe6 fxe6 11. Bh3 Ne5 12. 0-0 Nc4 13. Qe2 Nxe3 14. Qxe3 e5 15. g5 Nh5 16. Nd5 Kh8 17. Be6 Nf4 18. Nxf4 exf4 19. Qb3 Qa5 20. h4 1-0

[Event "IECG WC.2004.P.00015 email"]
[Site "IECG email"]
[Date "2001.01.22"]
[Round "?"]
[White "Barhorst, Arthur ThN"]
[Black "Peto, Peter"]
[Result "0-1"]
[WhiteElo "1850"]
[BlackElo "2085"]
[PlyCount "60"]
[EventDate "2001.01.22"]
[EventType "tourn (corr)"]
[EventRounds "8"]
[SourceTitle "Corr 2008"]
[Source "ChessBase"]
[SourceDate "2008.06.24"]
[SourceVersion "1"]
[SourceVersionDate "2008.06.24"]
[SourceQuality "1"]

1. e4 c5 2. Nf3 d6 3. d4 cxd4 4. Nxd4 Nf6 5. Nc3 a6 6. Bg5 e6 7. f4 Qb6 8. Bxf6 gxf6 9. Be2 Qxb2 10. Na4 Qa3 11. c3 Nd7 12. 0-0 b5 13. Bh5 Bb7 14. Qg4 0-0-0 15. Bxf7 Qxa4 16. Qxe6 Qa3 17. Rfb1 d5 18. exd5 Bc5 19. Kh1 Bxd4 20. cxd4 Kb8 21. f5 Ka7 22. Re1 Rhf8 23. Rac1 Nb6 24. Rc7 Rc8 25. Qe7 Qxe7 26. Rcxe7 Rfd8 27. Be6 Rc2 28. Rxh7 Rxa2 29. Rf7 Nxd5 30. h3 Kb8 0-1

[Event "IECG WC.2004.P.00015 email"]
[Site "IECG email"]
[Date "2001.01.22"]
[Round "?"]
[White "Deschamp, Guy"]
[Black "Barhorst, Arthur ThN"]
[Result "1-0"]
[WhiteElo "2278"]
[BlackElo "1850"]
[PlyCount "55"]
[EventDate "2001.01.22"]
[EventType "tourn (corr)"]
[EventRounds "8"]
[SourceTitle "Corr 2008"]
[Source "ChessBase"]
[SourceDate "2008.06.24"]
[SourceVersion "1"]
[SourceVersionDate "2008.06.24"]
[SourceQuality "1"]

1. e4 c5 2. c3 Nf6 3. e5 Nd5 4. d4 cxd4 5. Nf3 Nc6 6. Bc4 Nb6 7. Bb3 d6 8. exd6 Qxd6 9. 0-0 Be6 10. Bxe6 Qxe6 11. Nxd4 Nxd4 12. cxd4 Qd7 13. a4 e6 14. Nc3 Be7 15. a5 Nd5 16. a6 b6 17. Qf3 Rc8 18. Re1 Nb4 19. Rd1 Bd6 20. d5 0-0 21. dxe6 Qxe6 22. Bf4 Rcd8 23. Bxd6 Rxd6 24. Rxd6 Qxd6 25. Rd1 Re8 26. h3 Qc6 27. Qxc6 Nxc6 28. Nb5 1-0

[Event "IECG L1.2000.0.00008 email"]
[Site "IECG email"]
[Date "2000.01.12"]
[Round "?"]
[White "Barhorst, Arthur ThN"]
[Black "Marez, Sebastien"]
[Result "0-1"]
[WhiteElo "1600"]
[BlackElo "1900"]
[PlyCount "66"]
[EventDate "2000.01.12"]
[EventType "tourn (corr)"]
[EventRounds "14"]
[SourceTitle "Corr 2008"]
[Source "ChessBase"]
[SourceDate "2008.06.24"]
[SourceVersion "1"]
[SourceVersionDate "2008.06.24"]
[SourceQuality "1"]

1. e4 c6 2. d4 d5 3. e5 Bf5 4. Nc3 e6 5. g4 Bg6 6. Nge2 c5 7. h4 h5 8. Nf4 Bh7 9. Nxh5 cxd4 10. Qxd4 Nc6 11. Qa4 a6 12. Bg5 f6 13. exf6 gxf6 14. Bd2 b5 15. Qf4 e5 16. Qf3 Nd4 17. Qxd5 Nxc2+ 18. Ke2 Nxa1 19. Bg2 Qxd5 20. Bxd5 Rd8 21. Rxa1 Bg6 22. Bxg8 Bxh5 23. Be6 Ke7 24. Bf5 Bf7 25. h5 Bc4+ 26. Ke1 Be6 27. Bxe6 Kxe6 28. Ne4 f5 29. gxf5+ Kxf5 30. Ng3+ Ke6 31. Ke2 Rc8 32. b4 Rc2 33. Kd1 Rc4 0-1

[Event "IECG L1.2000.0.00008 email"]
[Site "IECG email"]
[Date "2000.01.12"]
[Round "?"]
[White "Barhorst, Arthur ThN"]
[Black "Pinus, Ruben Mario"]
[Result "1/2-1/2"]
[WhiteElo "1600"]
[BlackElo "2000"]
[PlyCount "53"]
[EventDate "2000.01.12"]
[EventType "tourn (corr)"]
[EventRounds "14"]
[SourceTitle "Corr 2008"]
[Source "ChessBase"]
[SourceDate "2008.06.24"]
[SourceVersion "1"]
[SourceVersionDate "2008.06.24"]
[SourceQuality "1"]

1. e4 c5 2. Nf3 d6 3. d4 cxd4 4. Nxd4 Nf6 5. Nc3 e6 6. g4 h6 7. h4 Nc6 8. Rg1 h5 9. gxh5 Nxh5 10. Bg5 Nf6 11. h5 Nxd4 12. Qxd4 Rxh5 13. Be2 Rh7 14. e5 dxe5 15. Qxe5 Be7 16. Nb5 Nd5 17. 0-0-0 Bxg5+ 18. Rxg5 Kf8 19. Bc4 Qe7 20. Bxd5 exd5 21. Nc7 Rb8 22. Qf4 Qf6 23. Qe3 Be6 24. Nxd5 Bxd5 25. Rgxd5 Re8 26. Qxa7 Rh2 27. Qxb7 1/2-1/2

[Event "IECG L1.2000.0.00008 email"]
[Site "IECG email"]
[Date "2000.01.12"]
[Round "?"]
[White "Wodniczak, Arkadiusz"]
[Black "Barhorst, Arthur ThN"]
[Result "1-0"]
[WhiteElo "2094"]
[BlackElo "1600"]
[PlyCount "35"]
[EventDate "2000.01.12"]
[EventType "tourn (corr)"]
[EventRounds "14"]
[SourceTitle "Corr 2008"]
[Source "ChessBase"]
[SourceDate "2008.06.24"]
[SourceVersion "1"]
[SourceVersionDate "2008.06.24"]
[SourceQuality "1"]

1. d4 Nf6 2. c4 g6 3. Nc3 Bg7 4. e4 d6 5. Nf3 0-0 6. Be2 e5 7. 0-0 Nc6 8. d5 Ne7 9. b4 Nh5 10. Re1 Nf4 11. Bf1 f5 12. Bxf4 exf4 13. e5 dxe5 14. Nxe5 a5 15. c5 axb4 16. Bc4 Be6 17. dxe6 Re8 18. Nb5 1-0